| 000 | 01155nam a2200349 a 4500 | ||
|---|---|---|---|
| 001 | 000020910 | ||
| 003 | DO-SdBNP | ||
| 005 | 20251029134809.0 | ||
| 008 | 100823s1970 ve r 000 e spa d | ||
| 040 |
_aDO-SdBNP _bspa _cBNPHU |
||
| 041 | 1 | 7 |
_aspa _hger _2Códigio de idioma MARC |
| 049 | _aBNGR | ||
| 082 |
_a305.552 _bP742i |
||
| 245 | 0 | 0 |
_aPoder e impotencia de los intelectuales : _bensayos / _cKurt Hoffman ... [et al.] ; traducción de Willy Kemp. |
| 260 |
_aCaracas, Venezuela : _bMonte Ávila Editores, _c1970. |
||
| 300 |
_a196, [1] p. ; _c20 cm. |
||
| 490 | 1 | _aPrisma | |
| 504 | _aIncluye referencias bibliográficas y notas al pie de las páginas. | ||
| 650 | 4 |
_aIntelectuales _xAspectos sociales _943821 |
|
| 650 | 0 |
_aVida intelectual _9333 |
|
| 700 | 1 |
_aMann, Golo, _943822 |
|
| 700 | 1 |
_aDirks, Walter, _943823 |
|
| 700 | 1 |
_aLaquer, Walter, _943824 |
|
| 700 | 1 |
_aFischer, Ernest, _943825 |
|
| 700 | 1 |
_aAmery, Jean, _943826 |
|
| 700 | 1 |
_aHartley, Anthony, _943827 |
|
| 700 | 1 |
_aVon Borch, Herbert, _943828 |
|
| 700 | 1 |
_aAmery, Carl, _943829 |
|
| 700 | 1 |
_aKemp, Willy, _etr. _943830 |
|
| 830 | 0 |
_aPrisma _93770 |
|
| 942 |
_2ddc _cLBS1 |
||
| 999 |
_c20413 _d20413 |
||